Statistics for Phobias #2

Click here to take the quiz!

General Stats

  • This quiz has been taken 141 times
  • The average score is 6 of 25

Answer Stats

Phobia Fear of % Correct
PyrophobiaFire
83%
ElectrophobiaElectricity
78%
FelinophobiaCats
69%
AndrophobiaMen
68%
EquinophobiaHorses
55%
JudeophobiaJews
46%
HippopotomonstrosesquipedaliophobiaLong Words
44%
IchthyophobiaFish
37%
HexakosioihexekontahexaphobiaThe Number 666
31%
GerontophobiaOld People
24%
VirginitiphobiaRape
16%
LimnophobiaLakes
13%
ErgophobiaWork
12%
HylophobiaForests
7%
KakorrhaphiophobiaFailure
7%
RupophobiaDirt
7%
DystychiphobiaAccidents
7%
KynophobiaRabies
5%
XerophobiaDryness
4%
PteronophobiaBeing Tickled
4%
CoprophobiaHaving a Sh**
4%
OstraconophobiaShellfish
4%
ConsecotaleophobiaChopsticks
3%
LigyrophobiaLoud Noises
3%
SpheksophobiaWasps
2%

Score Distribution

Percentile by Number Answered

Percent of People with Each Score

Your Score History

You have not taken this quiz